EDI prináša e-shopy bez papierov
Elektronická výmena dát (EDI) vytrvalo rastie, ako do objemu zasielaných správ, tak aj ich rozsahu. Okrem klasických oblastí typu FMCG či automobilového priemyslu už dávno prerástla aj do ďalších sektorov, napr. do obchodu.
Salvato in:
| Autore principale: | |
|---|---|
| Natura: | Capitolo di libro |
| Lingua: | slovacco |
| Soggetti: | |
| Tags: |
Nessun Tag, puoi essere il primo ad aggiungerne!!
|
MARC
| LEADER | 00000naa a2200000 4500 | ||
|---|---|---|---|
| 001 | 0229467 | ||
| 005 | 20200305103522.5 | ||
| 041 | 0 | |a slo | |
| 044 | |a CZ | ||
| 245 | 1 | 0 | |a EDI prináša e-shopy bez papierov |c Jozef Oravec |
| 520 | |a Elektronická výmena dát (EDI) vytrvalo rastie, ako do objemu zasielaných správ, tak aj ich rozsahu. Okrem klasických oblastí typu FMCG či automobilového priemyslu už dávno prerástla aj do ďalších sektorov, napr. do obchodu. | ||
| 610 | 2 | 0 | |a obchod elektronický |
| 610 | 2 | 0 | |a výmena informácií |
| 610 | 2 | 0 | |a automatizácia |
| 610 | 2 | 0 | |a doklady daňové |
| 610 | 2 | 0 | |a doklady účtovné |
| 610 | 2 | 0 | |a maloobchod |
| 100 | 1 | |a Oravec, Jozef | |